Kırgızistan ülke raporu (Record no. 10441)

MARC details
000 -BAŞLIK
Sabit Uzunlukta Kontrol Alanı 00782na a2200229 4500
001 - KONTROL NUMARASI
Denetim Alanı 23577
003 - KONTROL NUMARASI IDENTIFIER
Denetim Alanı MIRAKIL
005 - SON İŞLEM TARİHİ VE ZAMANI
Denetim Alanı 20181213155321.0
008 - SABİT-BOY VERİ ELEMANLARI - GENEL BİLGİLER
Sabit Uzunlukta Kontrol Alanı 180109b tu 000 0
020 ## - ULUSLARARASI STANDART KİTAP NUMARASI
Uluslararası Standart Kitap Numarası 9757307076
040 ## - KATALOGLAMA KAYNAK
Orijinal Kataloglama Ajansı Milas
Kataloglama Dili tur
Metne Dönüştürmek Ajansı TR-AnCHP
041 ## - DİL KODU
Metin / Ses Parça Veya Ayrı Başlığın Dil Kodu tur
082 ## - DEWEY ONLU SINIFLANDIRMA NUMARASI
Sınıflandırma Numarası 915.843
Ürün Numarası K46 1995
090 ## - SINIFLAMA NUMARASI
Sınıflama Numarası 915.843 K46 1995
110 ## - ANA GİRİŞ - KURUMSAL ADI
Giriş Elemanı Olarak Kurumsal Ad Veya Yargı Alanı Adı Türkiye İşbirliği ve Kalkınma Ajansı (TİKA)
245 ## - BAŞLIK TABLOSU
Başlık Kırgızistan ülke raporu
Sorumluluk Tablosu, Vb Türkiye İşbirliği ve Kalkınma Ajansı (TİKA)
260 ## - YAYIN, DAĞITIM, VB
Yayın, Dağıtım, Vb Yeri Ankara
Yayıncı, Dağıtıcı, Vs Adı Türkiye İşbirliği ve Kalkınma Ajansı (TİKA)
Yayın, Dağıtım, Vb Tarihi 1995
Üretici Firma Pelin Ofset
300 ## - FİZİKSEL TANIM
Kapsam 64 s.
Diğer Fiziksel Ayrıntıları şkl.; hrt.
Boyutlar 23 sm.
440 ## - SERİSİ TABLOSU / KATMA GİRİŞİ - BAŞLIK
Başlık Türkiye İşbirliği ve Kalkınma Ajansı yayınları
Hacim / Ardışık Tanımı 14
651 ## - KONU KATMA GİRİŞ - COĞRAFİ ADI
Coğrafi İsim Kırgızistan
Genel Alt Bölümü Ekonomik durum
-- Raporlar
942 ## - EKLENDİ GİRİŞ ELEMANLARI (KOHA)
Sınıflandırma Veya Raf Düzeni Kaynak Dewey Decimal Classification
Koha Öğesi Türü Books
999 ## - SİSTEM KONTROL NUMARALARI (KOHA)
Koha Biblionumber 10441
Koha Biblioitemnumber 10441
Holdings
Kalıcı Konum Mevcut Konum Edinme Tarihi Edinim Kaynak Toplam Check-Out'Lar Tam Çağrı Numarası Barkod Tarih Son Görülme İtibaren Geçerli Fiyatlar Koha Öğesi Türü
CHP Kütüphanesi CHP Kütüphanesi 11/03/2017 Bağış   915.843 K46 1995 017561 11/03/2017 11/03/2017 Books